THE BHARATIYA SAKSHYA ADHINIYAM (Record no. 34372)

MARC details
000 -LEADER
fixed length control field 00312nam a22001457a 4500
003 - CONTROL NUMBER IDENTIFIER
control field SGT
020 ## - INTERNATIONAL STANDARD BOOK NUMBER
International Standard Book Number 9788197133329
082 ## - DEWEY DECIMAL CLASSIFICATION NUMBER
Classification number 345.06
Item number SAR
100 ## - MAIN ENTRY--PERSONAL NAME
Personal name SARKAR
245 ## - TITLE STATEMENT
Title THE BHARATIYA SAKSHYA ADHINIYAM
260 ## - PUBLICATION, DISTRIBUTION, ETC. (IMPRINT)
Place of publication, distribution, etc KOLKATA
Name of publisher, distributor, etc KAMAL LAW HOUSE
Year of Publication 2025
300 ## - PAGE DESCRIPTION
No. of Pages 2840
490 ## - SERIES STATEMENT
Series statement 1-2
942 ## - ADDED ENTRY ELEMENTS (KOHA)
Source of classification or shelving scheme Dewey Decimal Classification
Koha item type Books
Holdings
Withdrawn status Lost status Source of classification or shelving scheme Damaged status Not for loan Collection code Home library Current library Shelving location Date acquired Vendor Name Cost, normal purchase price Volume Information (Serial or Books or Non-Book Material) SGTU Bill Number Total Checkouts Full call number Accession No. (Barcode) Date last seen Bill Date Koha item type
    Dewey Decimal Classification   Not For Loan LAW SGT Science & Social Sciences Library SGT Science & Social Sciences Library Reference Book 17/03/2026 ZAFFA BOOKS 7900.00 1 SGTU ZBD0463   345.06 SAR FL4176 17/03/2026 03/03/2026 Books
    Dewey Decimal Classification   Not For Loan LAW SGT Science & Social Sciences Library SGT Science & Social Sciences Library Reference Book 17/03/2026 ZAFFA BOOKS 7900.00 1 SGTU ZBD0463   345.06 SAR FL4180 17/03/2026 03/03/2026 Books
    Dewey Decimal Classification   Not For Loan LAW SGT Science & Social Sciences Library SGT Science & Social Sciences Library Reference Book 17/03/2026 ZAFFA BOOKS 7900.00 1 SGTU ZBD0463   345.06 SAR FL4178 17/03/2026 03/03/2026 Books
    Dewey Decimal Classification   Not For Loan LAW SGT Science & Social Sciences Library SGT Science & Social Sciences Library Reference Book 17/03/2026 ZAFFA BOOKS 7900.00 2 SGTU ZBD0463   345.06 SAR FL4177 17/03/2026 03/03/2026 Books
    Dewey Decimal Classification   Not For Loan LAW SGT Science & Social Sciences Library SGT Science & Social Sciences Library Reference Book 17/03/2026 ZAFFA BOOKS 7900.00 2 SGTU ZBD0463   345.06 SAR FL4179 17/03/2026 03/03/2026 Books
    Dewey Decimal Classification   Not For Loan LAW SGT Science & Social Sciences Library SGT Science & Social Sciences Library Reference Book 17/03/2026 ZAFFA BOOKS 7900.00 2 SGTU ZBD0463   345.06 SAR FL4181 17/03/2026 03/03/2026 Books